|
|
|
|
| LEADER |
00684cam a2200205 7i4500 |
| 001 |
0000045510 |
| 005 |
20170731090000.0 |
| 020 |
|
|
|a 9780230248977 (pbk.)
|
| 090 |
0 |
0 |
|a LB2369
|b .G75 2010
|
| 100 |
1 |
|
|a Grix, Jonathan
|
| 245 |
1 |
4 |
|a The foundations of research
|c Jonathan Grix.
|
| 250 |
|
|
|a 2nd ed.
|
| 260 |
|
|
|a Hampshire:
|b Palgrave Macmillan,
|c 2010.
|
| 300 |
|
|
|a xiv, 186 p.;
|c 22 cm.
|
| 490 |
0 |
|
|a Palgrave study skills
|
| 650 |
0 |
0 |
|a Dissertations, Academic --
|z Great Britain
|
| 650 |
0 |
0 |
|a Research --
|z Great Britain
|
| 650 |
0 |
0 |
|a Report writing
|
| 997 |
|
|
|a Education & Social Sciences, Faculty
|b Education, Department
|
| 999 |
|
|
|a 0000055069
|b BOK
|c OPEN SHELF
|e 1st Floor, Bestari Jaya
|